The house of Nomura : The inside story of the legendary Japanese financial dynasty
Salvato in:
| Autore principale: | |
|---|---|
| Natura: | Libro |
| Lingua: | Undetermined |
| Pubblicazione: |
New York
Arcade Pub.
1990
|
| Soggetti: | |
| Tags: |
Aggiungi Tag
Nessun Tag, puoi essere il primo ad aggiungerne! !
|
| Thư viện lưu trữ: | Trung tâm Học liệu Trường Đại học Cần Thơ |
|---|
| LEADER | 00578nam a2200205Ia 4500 | ||
|---|---|---|---|
| 001 | CTU_97975 | ||
| 008 | 210402s9999 xx 000 0 und d | ||
| 082 | |a 332.6 | ||
| 082 | |b A422 | ||
| 100 | |a Alletzhauser, Albert J. | ||
| 245 | 4 | |a The house of Nomura : | |
| 245 | 4 | |b The inside story of the legendary Japanese financial dynasty | |
| 245 | 0 | |c Albert J. Alletzhauser | |
| 260 | |a New York | ||
| 260 | |b Arcade Pub. | ||
| 260 | |c 1990 | ||
| 650 | |a Securities industry | ||
| 650 | |z Japan | ||
| 904 | |i Hiếu | ||
| 980 | |a Trung tâm Học liệu Trường Đại học Cần Thơ | ||